000 02886nam a2200313 i 4500
001 16836
003 DO-SdUEMH
005 20260216202741.0
007 ta
008 211105s2001||||mx a|||gr|||| 0|| | spa d
020 _a970103368
040 _aDO-SdUEMH
_bspa
_erda
041 _aspa
082 1 4 _a570 S689B 2001
_mCG
_bS689
084 _b13-00150
100 1 _aSolomon, Eldra Pearl
_eaut
245 0 _aBiología /
_cEldra Pearl Solomon
250 _aQuinta edición
260 _c2001
264 1 _aMéxico :
_bMcGraw-Hill Interamericana,
_c2001
264 4 _c©2001
300 _axxxii,1237 páginas :
_bilustraciones ;
_c27 cm.
336 _2rdacontent
_atexto
_btxt
337 _2rdamedia
_asin mediación
_bn
338 _2rdacarrier
_avolumen
_bnc
505 2 _aLa naturaleza de la vida -- Átomos y moléculas: los fundamentos químicos de la vida -- Química de la vida: compuestos orgánicos -- Organización celular -- Membranas biológicas -- Energía y metabolismo -- Cómo producen ATP las células -- Mecanismos de liberación de energía -- Fotosíntesis: captura de energía -- Cromosomas, mitosis y meiosis -- Fundamentos de la herencia -- Ácido desoxirribonucleico: portador de la información genética -- Ácido ribonucleico y síntesis de proteínas: expresión de la información genética -- Regulación génica: control de la expresión de los genes -- Ingeniería genética -- Genética humana -- Genes y desarrollo -- Introducción a la evolución darwiniana -- Cambio evolutivo en poblaciones -- Especiación y macroevolución -- Origen e historia evolutiva de la vida -- Evolución de los primates -- Para comprender la diversidad: sistemática -- Virus y bacterias -- Reino Protista -- Reino Fungi -- Reino Plantae: plantas sin semillas -- Reino Plantae: plantas con semillas -- Reino Animalia: acelomados -- Reino Animalia: protóstomos celomados -- Reino Animalia: deuteróstomos -- Estructura, crecimiento y diferenciación de las plantas -- Estructura y función de las hojas -- Tallos y transporte en las plantas -- Raíces y nutrición mineral -- Reproducción en las plantas con flores -- Reacciones de crecimiento y regulación del crecimiento -- El cuerpo de los animales: introducción a estructura y funciones -- Protección, sostén y movimiento: piel, esqueleto y músculo -- Control neural: neuronas -- Regulación neural: sistemas nerviosos -- Recepción sensorial -- Transporte interno -- Defensa interna -- Intercambio gaseoso -- Procesamiento alimentario y nutrición -- Osmorregulación y eliminación de desechos metabólicos -- Regulación endocrina -- Reproducción -- Desarrollo -- Comportamiento animal -- Introducción a la ecología: ecología de poblaciones -- Ecología de comunidades -- Ecosistemas y biosfera -- Ecología y geografía de la vida -- El ser humano en el ambiente.
942 _2ddc
_cBK
_n0
999 _c16836
_d16836